000 01561nam0a2200373 4500
001 RU\NLR\bibl\1824167
005 20260406025736.0
021 _aRU
_b2011-73521
_95226
035 _a(nilc)RSL-KNO-005028290
035 _a(NLR Aleph) 001814702
090 _a1921313
_c1921313
100 _a20110919d2011 |||y0rusy50 ca
101 0 _arus
102 _aRU
105 _aa |||||||||
200 1 _aЗащищая честь российской интеллигенции в Интернете
_eхроника противостояния интернет-историка и киберпреследователя на поисковике Google, 2010-2011 гг.
_fКорупаев А. Е.
210 _aМосква
_c[б. и.]
_d2011
215 _a106 с.
_cил.
_d21
320 _aБиблиогр.: с. 90-105
606 1 _aINTERNET, глобальная информационная сеть
_xПрименение в исторической науке
_92589847
_3RU\NLR\auth\661530572
606 1 _aИнтеллигенция
_xИстория
_yРоссия
_92398883
_3RU\NLR\auth\661430084
610 0 _aкиберугрозы
686 _aХ623.06,0
_2rubbk
686 _aТ3(0)в
686 _aТ3(2)0-299
700 1 _4070
_8rus
_7ca
_aКорупаев
_bА.Е.
_f1954-
_gАлексей Евгеньевич
_3RU\NLR\auth\77207
_9110271
801 0 _aRU
_bRuMoRKP
_c20110919
_grcr
801 1 _aRU
_bРГБ
_c20110919
801 2 _aRU
_bNLR
_c20111021
_grcr
942 _cBOOK
980 _aNB
980 _aNBR